Gravitational N-body simulations

This book discusses in detail all the relevant numerical methods for the classical N-body problem. It demonstrates how to develop clear and elegant algorithms for models of gravitational systems, and explains the fundamental mathematical tools needed to describe the dynamics of a large number of mut...

Disgrifiad llawn

Wedi'i Gadw mewn:
Manylion Llyfryddiaeth
Prif Awdur: Aarseth, Sverre J.
Fformat: Llyfr
Iaith:Undetermined
Cyhoeddwyd: Cambridge Cambridge University Press 2003
Pynciau:
Tagiau: Ychwanegu Tag
Dim Tagiau, Byddwch y cyntaf i dagio'r cofnod hwn!
Thư viện lưu trữ: Trung tâm Học liệu Trường Đại học Cần Thơ
LEADER 01235nam a2200205Ia 4500
001 CTU_167309
008 210402s9999 xx 000 0 und d
020 |c 151 
082 |a 521 
082 |b A114 
100 |a Aarseth, Sverre J. 
245 0 |a Gravitational N-body simulations 
245 0 |c Sverre J. Aarseth 
260 |a Cambridge 
260 |b Cambridge University Press 
260 |c 2003 
520 |a This book discusses in detail all the relevant numerical methods for the classical N-body problem. It demonstrates how to develop clear and elegant algorithms for models of gravitational systems, and explains the fundamental mathematical tools needed to describe the dynamics of a large number of mutually attractive particles. Particular attention is given to the techniques needed to model astrophysical phenomena such as close encounters and the dynamics of black hole binaries. The author reviews relevant work in the field and covers applications to the problems of planetary formation and star cluster dynamics, both of Pleiades type and globular clusters. 
650 |a Many-body problem,Bài toán hệ nhiều vật 
904 |i Đình Thư 
980 |a Trung tâm Học liệu Trường Đại học Cần Thơ